000 00708nam a22001817a 4500
003 OSt
005 20210211123719.0
007 ta
008 210211b2012 dr ac|||r|||| 00| 0dspa d
040 _aDO-SdBNP
_bspa
_cBNPHU
082 _aBNPHU-xxx
_bN964e
111 _aConferencia en panel sobre Ética
_c(Santo Domingo , República Dominicana :
_dabril 12 del 2011).
_977748
245 1 0 _aLa ética como base del ejercicio del periodismo /
_bRafael Núñez Grassals.
260 _aSanto Domingo :
_bComisión Nacional de Ética y Combate a la Corrupción ,
_c2012
300 _a[20 pg.]
_bil., foto
_c19 cm.
518 _aMuseo de Arte Moderno. feria internacional del libro : abril 13 del 2011.
942 _2ddc
_cLF2
999 _c49362
_d49362